| 000 | 00699nam a2200193Ia 4500 | ||
|---|---|---|---|
| 003 | IN-BaIIA | ||
| 008 | 211028s9999 xx 000 0 eng d | ||
| 020 | _a0-8194-2260-6 | ||
| 040 | _cIIA Library | ||
| 080 |
_a535.33 _bWOL |
||
| 100 |
_aWolfe, W. L. _922499 |
||
| 245 | 0 |
_aIntroduction to imaging spectrometers _cW. L. Wolfe |
|
| 260 |
_aUSA _bThe International Society for Optical Engineering _c1997 |
||
| 490 | _aTutorial Texts in Optical Engineering v. TT25 | ||
| 650 |
_aImaging instruments _911965 |
||
| 650 |
_aMultispectral imaging _922500 |
||
| 650 |
_aSpectrometers _922501 |
||
| 942 | _cBK | ||
| 999 |
_c12828 _d12828 |
||